भावन : (Record no. 53063)

MARC details
000 -LEADER
fixed length control field 00611nam a2200181Ia 4500
005 - DATE AND TIME OF LATEST TRANSACTION
control field 20260429112234.0
008 - FIXED-LENGTH DATA ELEMENTS--GENERAL INFORMATION
fixed length control field 260429s9999||||xx |||||||||||||| ||und||
020 ## - INTERNATIONAL STANDARD BOOK NUMBER
International Standard Book Number 9789388933810
041 ## - LANGUAGE CODE
Language Hindi
082 ## - DEWEY DECIMAL CLASSIFICATION NUMBER
Classification number 809
Item number LAT
100 ## - MAIN ENTRY--PERSONAL NAME
Personal name लाठ, मुकुन्द
245 #0 - TITLE STATEMENT
Title भावन :
Remainder of title साहित्य और अन्य कलाओं का अनुशीलन /
Statement of responsibility, etc मुकुन्द लाठ
250 ## - EDITION STATEMENT
Edition statement 1st ed.
260 ## - PUBLICATION, DISTRIBUTION, ETC. (IMPRINT)
Place of publication, distribution, etc नई दिल्ली :
Name of publisher, distributor, etc राजकमल प्रकाशन,
Date of publication, distribution, etc 2019.
300 ## - PHYSICAL DESCRIPTION
Extent 564 p.; Hb
650 ## - SUBJECT ADDED ENTRY--TOPICAL TERM
Topical term or geographic name as entry element Criticism
942 ## - ADDED ENTRY ELEMENTS (KOHA)
Koha item type Text Books
Holdings
Withdrawn status Lost status Damaged status Not for loan Collection code Home library Location Shelving location Date of Cataloging Source of acquisition Total Checkouts Full call number Barcode Date last seen Price effective from Koha item type
        Non-fiction CUTN Central Library CUTN Central Library Literature 29/04/2026 Segment Book Distributors, New Delhi - Invoice No. 71458 on 09-02-2026   809 LAT 58236 29/04/2026 29/04/2026 Text Books